Era’s Tour Destinations - Statistics

General Stats
  • This quiz has been taken 11 times
  • The average score is 36 of 51
Answer Stats
Hint Answer % Correct
European Leg, Spain Madrid
100%
Asian/Australian Leg, Australia Melbourne
100%
European Leg, Italy Milan
100%
European Leg, Germany Munich
100%
Asian/Australian Leg, Singapore Singapore
100%
Asian/Australian Leg, Japan Tokyo
100%
European Leg, Poland Warsaw
100%
European Leg, The Netherlands Amsterdam
91%
European Leg, Ireland Dublin
91%
European Leg, Scotland Edinburgh
91%
US Leg 1, Nevada Las Vegas
91%
European Leg, Portugal Lisbon
91%
European Leg, England London
91%
European Leg, England London
91%
Latin American Leg, Mexico Mexico City
91%
US Leg 2, Florida Miami
91%
Latin American Leg, Brazil Rio de Janeiro
91%
Latin American Leg, Brazil São Paulo
91%
US Leg 1, Washington Seattle
91%
European Leg, Sweden Stockholm
91%
Asian/Australian Leg, Australia Sydney
91%
US Leg 2, Canada Toronto
91%
European Leg, Austria Vienna
91%
Latin American Leg, Argentina Buenos Aires
82%
US Leg 1, Illinois Chicago
82%
European Leg, Germany Hamburg
82%
US Leg 2, Louisiana New Orleans
82%
US Leg 1, Georgia Atlanta
73%
European Leg, Wales Cardiff
73%
US Leg 1, Colorado Denver
73%
US Leg 1, Texas Houston
73%
US Leg 2, Indiana Indianapolis
73%
US Leg 1, Tennessee Nashville
73%
US Leg 1, Pennsylvania Philadelphia
73%
US Leg 1, Florida Tampa
73%
US Leg 1, Michigan Detroit
64%
US Leg 1, Kansas Kansas City
64%
European Leg, England Liverpool
64%
European Leg, France Lyon
64%
US Leg 1, Pennsylvania Pittsburgh
55%
US Leg 1, Ohio Cincinnati
45%
US Leg 1, Minnesota Minneapolis
45%
US Leg 1, Texas Arlington
36%
US Leg 1, Arizona Glendale
27%
US Leg 1, New Jersey East Rutherford
18%
European Leg, Germany Zürich
18%
US Leg 1, Rhode Island Foxborough
9%
US Leg 1, California Inglewood
9%
European Leg, France Nanterre
9%
US Leg 1, California Santa Clara
9%
European Leg, Germany Geisenkirchen
0%
No matching quizzes found
Score Distribution
Percent of People with Each Score
Percentile by Number Answered
Your Score History
You have not taken this quiz